000 00295nam a22001337a 4500
008 170223b xxu||||| |||| 00| 0 eng d
020 _a0070234914
041 _aeng
080 _a617
100 _a5
101 _aSHK
245 _aATLAS OF SURGICAL TECHNIQUES
_cGLIEDMAN.M.L
942 _2udc
_cBK
999 _c6125
_d6125